[Event "Budapest FS04 IM"]
[Site "Budapest"]
[Date "2024.04.09"]
[Round "3"]
[White "Palczert, Matyas"]
[Black "Srikant Koduri, Advaitt"]
[Result "1-0"]
[WhiteElo "2333"]
[BlackElo "2125"]
[PlyCount "85"]
[EventDate "2024.04.06"]
[EventType "tourn"]
[EventRounds "9"]
[EventCountry "HUN"]
[EventCategory "2"]
[SourceTitle "CB16_2024"]
[SourceDate "2024.04.17"]
[SourceVersion "1"]
[SourceVersionDate "2024.04.17"]
[SourceQuality "1"]

1. e4 c5 2. Nf3 d6 3. d4 cxd4 4. Nxd4 Nf6 5. Nc3 g6 6. Be3 Bg7 7. f3 0-0 8. Qd2 Nc6 9. Bc4 Bd7 10. 0-0-0 Rc8 11. Nxc6 bxc6 12. Bh6 Qa5 13. Bxg7 Kxg7 14. Rhe1 Rb8 15. e5 dxe5 16. Qe3 Qb4 17. Bb3 Be6 18. Na4 Bxb3 19. axb3 Rb5 20. Qxa7 Rfb8 21. Qe3 Ra8 22. Qc3 Rxa4 23. bxa4 Qxa4 24. b3 Qf4+ 25. Kb2 Qxh2 26. Qxc6 Rb4 27. Qc7 Qxg2 28. Qxe7 Rd4 29. Qxe5 Rxd1 30. Rxd1 Qxf3 31. Rd3 Qf2 32. Rd4 h5 33. b4 Kh7 34. Rf4 Ng4 35. Qc7 Qd2 36. Rxf7+ Kh6 37. Qc3 Qd5 38. Rc7 Qd6 39. Rc5 Kh7 40. Rc6 Qe5 41. Rc7+ Kh6 42. Qxe5 Nxe5 43. b5 1-0

[Event "Budapest SixDays 03 IM"]
[Site "Budapest"]
[Date "2024.04.04"]
[Round "9"]
[White "Miszler, Levente"]
[Black "Srikant Koduri, Advaitt"]
[Result "1-0"]
[WhiteElo "2273"]
[BlackElo "2125"]
[PlyCount "59"]
[EventDate "2024.03.30"]
[EventType "tourn"]
[EventRounds "9"]
[EventCountry "HUN"]
[SourceTitle "CB15_2024"]
[SourceDate "2024.04.10"]
[SourceVersion "1"]
[SourceVersionDate "2024.04.10"]
[SourceQuality "1"]

1. d4 Nf6 2. c4 g6 3. Nc3 d5 4. Nf3 Bg7 5. Bg5 Ne4 6. Bf4 Nxc3 7. bxc3 0-0 8. e3 c5 9. cxd5 cxd4 10. cxd4 Qxd5 11. Be2 Nc6 12. 0-0 b6 13. Rc1 Bb7 14. Bc4 Qa5 15. Qb3 Qb4 16. d5 Qxb3 17. Bxb3 Na5 18. Rc7 Ba6 19. Rd1 Nxb3 20. axb3 Be2 21. Rd2 Bxf3 22. gxf3 Bf6 23. e4 Rfc8 24. Rdc2 Rxc7 25. Rxc7 Kf8 26. e5 Bg7 27. d6 exd6 28. exd6 a5 29. d7 Rd8 30. Bd6+ 1-0

[Event "Budapest SixDays 03 IM"]
[Site "Budapest"]
[Date "2024.04.03"]
[Round "7"]
[White "Mouhamad, Joachin"]
[Black "Srikant Koduri, Advaitt"]
[Result "1-0"]
[WhiteElo "2269"]
[BlackElo "2125"]
[PlyCount "103"]
[EventDate "2024.03.30"]
[EventType "tourn"]
[EventRounds "9"]
[EventCountry "HUN"]
[SourceTitle "CB15_2024"]
[SourceDate "2024.04.10"]
[SourceVersion "1"]
[SourceVersionDate "2024.04.10"]
[SourceQuality "1"]

1. e4 c5 2. Nf3 d6 3. d4 cxd4 4. Nxd4 Nf6 5. Nc3 g6 6. Be3 Bg7 7. f3 0-0 8. Qd2 Nc6 9. 0-0-0 d5 10. exd5 Nxd5 11. Nxc6 bxc6 12. Bd4 Bxd4 13. Qxd4 Qb6 14. Na4 Qc7 15. Bc4 Rd8 16. Nc5 Bf5 17. Bb3 Nf4 18. Qf2 Rxd1+ 19. Rxd1 Rd8 20. Re1 h5 21. g3 Nd5 22. a3 Qb6 23. Rd1 Rd6 24. Qg1 Nf6 25. Re1 Nd5 26. Bc4 Qc7 27. Bd3 Bxd3 28. Nxd3 Nb6 29. Qc5 Qd7 30. Qe5 Nd5 31. Nc5 Qc7 32. Ne4 Re6 33. Qxc7 Nxc7 34. Rd1 Nd5 35. Kd2 f5 36. Nc5 Rd6 37. Ke2 Kf7 38. Rd4 Nb6 39. Rb4 Rd5 40. Nd3 Rb5 41. f4 a5 42. Rb3 Kf6 43. Rc3 e6 44. Rxc6 Nd7 45. h4 Nb6 46. Kd2 a4 47. Kc1 Nd7 48. Ra6 Nb6 49. Ra7 Nc4 50. Rxa4 Ne3 51. Ra7 Nf1 52. c4 1-0

[Event "Budapest SixDays 03 IM"]
[Site "Budapest"]
[Date "2024.04.01"]
[Round "5"]
[White "Gu, Crystal Jiuzhou"]
[Black "Srikant Koduri, Advaitt"]
[Result "0-1"]
[WhiteElo "2059"]
[BlackElo "2125"]
[PlyCount "72"]
[EventDate "2024.03.30"]
[EventType "tourn"]
[EventRounds "9"]
[EventCountry "HUN"]
[SourceTitle "CB15_2024"]
[SourceDate "2024.04.10"]
[SourceVersion "1"]
[SourceVersionDate "2024.04.10"]
[SourceQuality "1"]

1. e4 c5 2. Nc3 d6 3. g3 Nc6 4. Nge2 g6 5. Bg2 Bg7 6. 0-0 e5 7. d3 Nge7 8. Be3 0-0 9. f4 Nd4 10. Qd2 Rb8 11. Nd1 Bg4 12. Nxd4 cxd4 13. Bf2 Rc8 14. c3 Qa5 15. Be1 exf4 16. Qxf4 Be2 17. Rf2 Bxd3 18. Qxd6 Nc6 19. Bd2 Qb6 20. Qf4 h6 21. Bf1 Bxf1 22. Kxf1 Ne5 23. Re2 f5 24. Kg2 Qb5 25. Qf1 fxe4 26. Rf2 Rxf2+ 27. Qxf2 e3 28. Nxe3 dxe3 29. Bxe3 Qc6+ 30. Kg1 Nf3+ 31. Kf1 Rf8 32. Bf4 g5 33. Kg2 Ne5+ 34. Kg1 gxf4 35. gxf4 Nf3+ 36. Kf1 Rxf4 0-1

[Event "Budapest SixDays 03 IM"]
[Site "Budapest"]
[Date "2024.03.30"]
[Round "1"]
[White "Srikant Koduri, Advaitt"]
[Black "Horvath, David G"]
[Result "0-1"]
[WhiteElo "2125"]
[BlackElo "2325"]
[PlyCount "74"]
[EventDate "2024.03.30"]
[EventType "tourn"]
[EventRounds "9"]
[EventCountry "HUN"]
[SourceTitle "CB15_2024"]
[SourceDate "2024.04.10"]
[SourceVersion "1"]
[SourceVersionDate "2024.04.10"]
[SourceQuality "1"]

1. Nf3 Nf6 2. d4 d5 3. Bf4 c5 4. c3 Nc6 5. e3 Qb6 6. Qc2 Nh5 7. Be5 f6 8. Bg3 cxd4 9. exd4 e5 10. dxe5 Nxg3 11. hxg3 fxe5 12. Be2 Bc5 13. 0-0 e4 14. Nh2 0-0 15. Bh5 Ne5 16. b4 Bxf2+ 17. Rxf2 Nd3 18. Bf3 Bf5 19. Bh5 Bg6 20. Bf3 exf3 21. Nxf3 Rac8 22. a4 Qxf2+ 23. Qxf2 Nxf2 24. Kxf2 Bxb1 25. Rxb1 Rxc3 26. Rd1 Rd8 27. Rd4 Rc4 28. Ke3 Re8+ 29. Kd3 Rxd4+ 30. Nxd4 Re4 31. a5 Kf7 32. b5 b6 33. a6 Rxd4+ 34. Kxd4 Ke6 35. g4 h6 36. Ke3 Ke5 37. g3 d4+ 0-1

[Event "Budapest SixDays 11 GM"]
[Site "Budapest"]
[Date "2023.11.29"]
[Round "5"]
[White "Vaz, Ethan"]
[Black "Srikant Koduri, Advaitt"]
[Result "1-0"]
[WhiteElo "2396"]
[BlackElo "2281"]
[PlyCount "65"]
[EventDate "2023.11.27"]
[EventType "tourn"]
[EventRounds "9"]
[EventCountry "HUN"]
[EventCategory "7"]
[SourceTitle "CB49_2023"]
[SourceDate "2023.12.06"]
[SourceVersion "1"]
[SourceVersionDate "2023.12.06"]
[SourceQuality "1"]

1. e4 c5 2. Nf3 d6 3. g3 Nc6 4. Bg2 Nf6 5. Qe2 e5 6. c3 Be7 7. 0-0 0-0 8. Na3 a6 9. Nc2 b5 10. Rd1 Bb7 11. d3 Qc7 12. Nh4 g6 13. Bh6 Rfe8 14. Ne3 Bf8 15. Bg5 Bg7 16. Qf3 Nd7 17. Nd5 Qa5 18. Bh3 Ncb8 19. b4 cxb4 20. cxb4 Qa3 21. Nc7 Rc8 22. Nxa8 Bxa8 23. Rac1 Rc6 24. d4 Qxb4 25. Rxc6 Bxc6 26. d5 Bb7 27. Be6 fxe6 28. dxe6 Nf6 29. Bxf6 Bxe4 30. Qe3 Bxf6 31. Qa7 Bxh4 32. Qf7+ Kh8 33. Qf8# 1-0

[Event "Budapest SixDays 09 IM"]
[Site "Budapest"]
[Date "2023.09.13"]
[Round "2"]
[White "Pribelszky, Bence"]
[Black "Srikant Koduri, Advaitt"]
[Result "0-1"]
[WhiteElo "2417"]
[BlackElo "2088"]
[PlyCount "112"]
[EventDate "2023.09.12"]
[EventType "tourn"]
[EventRounds "9"]
[EventCountry "HUN"]
[EventCategory "1"]
[SourceTitle "EXT 2024"]
[Source "ChessBase"]
[SourceDate "2023.10.10"]
[SourceVersion "1"]
[SourceVersionDate "2023.10.10"]
[SourceQuality "1"]

1. b3 d5 2. Bb2 c6 3. e3 Bf5 4. f4 e6 5. Nf3 Nf6 6. Be2 h6 7. Ne5 Be7 8. 0-0 0-0 9. d3 Nbd7 10. Nd2 Nxe5 11. Bxe5 Nd7 12. Bb2 Bf6 13. Bxf6 Nxf6 14. Bf3 Qb6 15. Qe2 g5 16. g4 gxf4 17. gxf5 exf5 18. Bg2 Rae8 19. Kh1 fxe3 20. Nf3 Ng4 21. d4 f4 22. Bh3 f5 23. c3 Qd8 24. Qg2 h5 25. Ne5 Qg5 26. Qf3 Rxe5 27. dxe5 Qh4 28. e6 Kh7 29. Rae1 Kg6 30. e7 Qxe7 31. Qxf4 Qe4+ 32. Qxe4 dxe4 33. Bxg4 hxg4 34. Rxe3 Re8 35. h3 Kg5 36. Rg1 Kf4 37. Reg3 e3 38. Kg2 e2 39. Re1 Re3 40. Rxe3 Kxe3 41. hxg4 fxg4 42. Rb1 Kd2 43. Rb2+ Kd1 44. Rb1+ Kc2 45. Rg1 Kd2 46. Kf2 g3+ 47. Kxg3 e1Q+ 48. Rxe1 Kxe1 49. Kf4 Kd2 50. c4 Kc3 51. Ke5 Kb2 52. Kd6 Kxa2 53. b4 Kb3 54. Kc5 b6+ 55. Kxc6 Kxc4 56. b5 Kb4 0-1

[Event "Budapest SixDays 09 IM"]
[Site "Budapest"]
[Date "2023.09.12"]
[Round "1"]
[White "Srikant Koduri, Advaitt"]
[Black "Vincenti, Leonardo"]
[Result "1-0"]
[WhiteElo "2088"]
[BlackElo "2238"]
[PlyCount "101"]
[EventDate "2023.09.12"]
[EventType "tourn"]
[EventRounds "9"]
[EventCountry "HUN"]
[EventCategory "1"]
[SourceTitle "EXT 2024"]
[Source "ChessBase"]
[SourceDate "2023.10.10"]
[SourceVersion "1"]
[SourceVersionDate "2023.10.10"]
[SourceQuality "1"]

1. d4 d5 2. Nf3 e6 3. Bf4 Bd6 4. Bg3 Ne7 5. e3 c5 6. c3 Nbc6 7. Nbd2 cxd4 8. cxd4 0-0 9. Bd3 f6 10. 0-0 Nf5 11. Bxf5 exf5 12. Qb3 Bxg3 13. hxg3 Na5 14. Qb4 Qb6 15. Qc5 Be6 16. b4 Nc6 17. b5 Na5 18. Rfc1 Rfc8 19. Qb4 Nc4 20. Nxc4 dxc4 21. a4 a6 22. Rab1 axb5 23. axb5 Qa5 24. Qd6 Bf7 25. Ne1 c3 26. Nc2 Qc7 27. Qb4 Qc4 28. Ra1 Rxa1 29. Rxa1 Qxb4 30. Nxb4 Bb3 31. Rc1 Kf7 32. b6 Ke6 33. Nd3 Kd5 34. Nc5 Kc4 35. Nxb7 Rb8 36. Na5+ Kd3 37. Nxb3 Rxb6 38. Na1 Rb2 39. Kf1 Kd2 40. Re1 g5 41. d5 Rb5 42. d6 Rd5 43. Nb3+ Kc2 44. Nd4+ Kd2 45. Nf3+ Kc2 46. Ke2 Rxd6 47. Nd4+ Kb2 48. Kd3 c2 49. Re2 Rc6 50. Nxc6 Kb1 51. Rxc2 1-0

[Event "Forni di Sopra op 14th"]
[Site "Forni di Sopra"]
[Date "2023.06.14"]
[Round "6"]
[White "Senthil, Maran K"]
[Black "Srikant Koduri, Advaitt"]
[Result "1-0"]
[WhiteElo "2173"]
[BlackElo "1858"]
[PlyCount "155"]
[EventDate "2023.06.10"]
[EventType "swiss"]
[EventRounds "9"]
[EventCountry "ITA"]
[SourceTitle "CBM 214 Extra"]
[Source "ChessBase"]
[SourceDate "2023.07.31"]
[SourceVersion "1"]
[SourceVersionDate "2023.07.31"]
[SourceQuality "1"]

1. c4 c5 2. g3 Nc6 3. Bg2 Nf6 4. Nc3 g6 5. Nf3 Bg7 6. 0-0 0-0 7. d4 d6 8. dxc5 dxc5 9. Be3 Be6 10. Qa4 Qa5 11. Qxa5 Nxa5 12. b3 Ng4 13. Bd2 Rad8 14. Rac1 b6 15. Rfd1 Nc6 16. h3 Nf6 17. Ng5 Bd7 18. Be1 h6 19. Nge4 Nxe4 20. Bxe4 Nb8 21. Bg2 Bc6 22. Nd5 Rd7 23. Bc3 Bxc3 24. Rxc3 Kg7 25. Rcd3 e6 26. Nc3 Rfd8 27. Rxd7 Rxd7 28. Rxd7 Bxd7 29. f4 f5 30. e4 Bc6 31. Kf2 Kf6 32. e5+ Ke7 33. Bf1 h5 34. g4 h4 35. g5 Nd7 36. Bd3 Kd8 37. Nb1 Ke7 38. Nd2 Kd8 39. Be2 Nb8 40. Bf3 Ke7 41. Ke3 Kf7 42. a3 a5 43. Bxc6 Nxc6 44. Nf3 Kg7 45. Kd3 Kf7 46. Nxh4 Nd4 47. b4 axb4 48. axb4 Nb3 49. Kc3 Nc1 50. bxc5 bxc5 51. Kd2 Nb3+ 52. Ke3 Na5 53. Kd3 Nb3 54. Nf3 Nc1+ 55. Kd2 Nb3+ 56. Kc2 Na5 57. Nd2 Kg7 58. Kc3 Kf7 59. Nb3 Nb7 60. Kb2 Ke7 61. Ka3 Nd8 62. Ka4 Nc6 63. Kb5 Nb4 64. Nxc5 Nc2 65. Nd3 Kd7 66. h4 Nd4+ 67. Kb6 Nf3 68. Kb7 Nxh4 69. Ne1 Ke7 70. c5 Kd7 71. c6+ Ke7 72. c7 Kf7 73. c8Q Kg7 74. Qxe6 Kh7 75. Qf7+ Kh8 76. e6 Nf3 77. e7 Ne5 78. e8R# 1-0

[Event "Forni di Sopra op 14th"]
[Site "Forni di Sopra"]
[Date "2023.06.11"]
[Round "2"]
[White "Ridolfo, Enrico"]
[Black "Srikant Koduri, Advaitt"]
[Result "0-1"]
[WhiteElo "2085"]
[BlackElo "1858"]
[PlyCount "98"]
[EventDate "2023.06.10"]
[EventType "swiss"]
[EventRounds "9"]
[EventCountry "ITA"]
[SourceTitle "CBM 214 Extra"]
[Source "ChessBase"]
[SourceDate "2023.07.31"]
[SourceVersion "1"]
[SourceVersionDate "2023.07.31"]
[SourceQuality "1"]

1. e4 c5 2. b3 d6 3. Bb2 Nc6 4. Nf3 e5 5. Bc4 g6 6. Nc3 Bg7 7. d3 Nge7 8. h4 0-0 9. Ng5 h6 10. h5 hxg5 11. hxg6 g4 12. gxf7+ Rxf7 13. Bxf7+ Kxf7 14. Qd2 Be6 15. 0-0-0 Ng6 16. Rh7 Qf6 17. Kb1 Nd4 18. Rdh1 Rh8 19. Rxh8 Bxh8 20. Nd1 Bg7 21. Qa5 Nc6 22. Qd2 Nf4 23. Ne3 b5 24. Qd1 Qg6 25. f3 g3 26. Qe1 b4 27. Rg1 Bf6 28. Qd2 a5 29. Nc4 Bxc4 30. dxc4 Bg5 31. Qe1 Bh4 32. Qd2 Ke7 33. Rh1 Qg5 34. Rd1 Qf6 35. c3 Bg5 36. Rh1 Bh4 37. a3 Qg5 38. Rd1 Qf6 39. axb4 axb4 40. Kc2 bxc3 41. Bxc3 Nd4+ 42. Bxd4 exd4 43. Ra1 d3+ 44. Kb1 Kf7 45. Ra7+ Kg6 46. Rb7 Bg5 47. Qa5 Ne2 48. Ka2 Nc3+ 49. Ka3 Bc1# 0-1

[Event "Hyderabad Singh Ji Memorial"]
[Site "Hyderabad"]
[Date "2023.01.11"]
[Round "4"]
[White "Srikant Koduri, Advaitt"]
[Black "Gusain, Himal"]
[Result "1/2-1/2"]
[WhiteElo "1674"]
[BlackElo "2381"]
[PlyCount "113"]
[EventDate "2023.01.10"]
[EventType "swiss"]
[EventRounds "9"]
[EventCountry "IND"]
[SourceTitle "CBM 212 Extra"]
[Source "ChessBase"]
[SourceDate "2023.03.31"]
[SourceVersion "1"]
[SourceVersionDate "2023.03.31"]
[SourceQuality "1"]

1. d4 c5 2. c3 Qc7 3. Nf3 d5 4. Bg5 Nc6 5. e3 Nf6 6. Bf4 Qb6 7. Qc2 Bf5 8. dxc5 Bxc2 9. cxb6 axb6 10. Na3 Bf5 11. Nb5 Kd7 12. Nbd4 Nxd4 13. Nxd4 g6 14. Bb5+ Kd8 15. Nxf5 gxf5 16. 0-0 Nh5 17. Rfd1 Nxf4 18. exf4 e6 19. c4 Bd6 20. cxd5 Ke7 21. dxe6 fxe6 22. g3 Rhc8 23. Rd2 Rc5 24. Bf1 Rd8 25. Bg2 Rc7 26. Rad1 b5 27. a3 b6 28. Bf1 Rc5 29. b4 Rc3 30. Bxb5 Rxa3 31. Bc6 b5 32. Bxb5 Rb3 33. Be2 Rxb4 34. Bf3 Bc7 35. Rxd8 Bxd8 36. Bc6 Bb6 37. Rd2 Rc4 38. Bf3 Bd4 39. Re2 Kf6 40. Kg2 Rb4 41. h3 Rb2 42. Rxb2 Bxb2 43. Bd1 h6 44. f3 Bc3 45. h4 Be1 46. Kh3 Bd2 47. Ba4 Kf7 48. Bb3 Kf6 49. Kg2 Be1 50. h5 Bd2 51. Kf2 Bc1 52. Ke2 Ke7 53. Kd3 Kf6 54. Ke2 Ke7 55. Kf2 Bd2 56. Ke2 Bc1 57. Kf2 1/2-1/2